| 000 | 00550nam a2200193Ia 4500 | ||
|---|---|---|---|
| 005 | 20250508150548.0 | ||
| 008 | 008 250505s9999 xx 000 0 eng d | ||
| 037 | _aTextual | ||
| 040 |
_aFEDL _beng _cFEDL |
||
| 041 |
_aeng _2eng |
||
| 084 |
_a153.93, SPE _qFEDL |
||
| 100 |
_aSpeed Edwin D. _9757032 |
||
| 245 | 0 | _aKnowledge and observation tests | |
| 260 |
_aLondon, UK _bSir Isaac Pitman and Sons Limited |
||
| 300 | _a142p. | ||
| 700 |
_a Aspden James A. _9757033 |
||
| 942 |
_cTEXL _h153.93, SPE |
||
| 999 |
_c1324275 _d1324275 |
||